000 01115nas a2200301 i 4500
001 49569
003 DR-UNIBE
005 20250718121353.0
007 ta
008 200127b2013 dr k||p|r||||||0| | spa d
040 _aBIBLIOTECA UNIBE
_cBIBLIOTECA UNIBE
_bspa
_dDO-SdBNP
_erda
041 _aspa
245 _aMercado technology
246 _aM tech
264 _aSanto Domingo, República Dominicana :
_bMercado Media Network,
_c2013.
300 _avolumen :
_bilustraciones, fotografías ;
_c27 cm.
310 _aSemestral.
336 _atexto
_btxt
_2rdacontent
337 _asin mediación
_bn
_2rdamedia
338 _avolumen
_bnc
_2rdacarrier
362 0 _aAño 21, No. 259, (septiembre-noviembre 2013).
650 _aMercadeo
_956377
_vPublicaciones periódicas
650 _aMercadeo por internet
_9328
_vPublicaciones periódicas
650 _aComercio electrónico
_91036
_vPublicaciones periódicas
650 _aTecnología de la información
_956378
_vPublicaciones periódicas
650 _aSistemas de soporte a la toma de decisiones
_956379
_vPublicaciones periódicas
942 _2ddc
_cISSUE
999 _c59579
_d59579